000 00375nam a2200145Ia 4500
008 220217s9999||||xx |||||||||||||| ||und||
020 _a9788120351424
082 _a621.381 NAV
100 _aNavas, K.A
245 0 _aElectronic Lab Manual
250 _a5th
260 _aRajeswari publication
_bNew Delhi
_c2016
300 _aIX, 549p.
_b395
650 _aELECTRONICS
999 _c187242
_d187242